| 000 -LEADER |
| fixed length control field |
02766cam a2200397 a 4500 |
| 001 - CONTROL NUMBER |
| control field |
14784175 |
| 005 - DATE AND TIME OF LATEST TRANSACTION |
| control field |
20211207142152.0 |
| 008 - FIXED-LENGTH DATA ELEMENTS--GENERAL INFORMATION |
| fixed length control field |
070326s2008 nju b 001 0 eng |
| 010 ## - LIBRARY OF CONGRESS CONTROL NUMBER |
| LC control number |
2007012801 |
| 015 ## - NATIONAL BIBLIOGRAPHY NUMBER |
| National bibliography number |
GBA768810 |
| Source |
bnb |
| 016 7# - NATIONAL BIBLIOGRAPHIC AGENCY CONTROL NUMBER |
| Record control number |
013829037 |
| Source |
Uk |
| 020 ## - INTERNATIONAL STANDARD BOOK NUMBER |
| International Standard Book Number |
9780691131405 (hardcover : alk. paper) |
| 020 ## - INTERNATIONAL STANDARD BOOK NUMBER |
| International Standard Book Number |
0691131406 (hardcover : alk. paper) |
| 020 ## - INTERNATIONAL STANDARD BOOK NUMBER |
| International Standard Book Number |
9780691134819 (pbk. : alk. paper) |
| 020 ## - INTERNATIONAL STANDARD BOOK NUMBER |
| International Standard Book Number |
0691134812 (pbk. : alk. paper) |
| 035 ## - SYSTEM CONTROL NUMBER |
| System control number |
(OCoLC)ocn122309350 |
| 040 ## - CATALOGING SOURCE |
| Original cataloging agency |
DLC |
| Transcribing agency |
DLC |
| Modifying agency |
YDX |
| -- |
BAKER |
| -- |
BTCTA |
| -- |
UKM |
| -- |
YDXCP |
| -- |
IXA |
| -- |
NLGGC |
| -- |
IOE |
| -- |
DLC |
| 050 00 - LIBRARY OF CONGRESS CALL NUMBER |
| Classification number |
BR115.P7 |
| Item number |
C37955 2008 |
| 082 00 - DEWEY DECIMAL CLASSIFICATION NUMBER |
| Classification number |
172.42 |
| Edition number |
22 |
| Author Mark |
CHR |
| 245 00 - TITLE STATEMENT |
| Title |
Christian political ethics / |
| Statement of responsibility, etc. |
edited by John A. Coleman. |
| 260 ## - PUBLICATION, DISTRIBUTION, ETC. |
| Place of publication, distribution, etc. |
Princeton, N.J. : |
| Name of publisher, distributor, etc. |
Princeton University Press, |
| Date of publication, distribution, etc. |
c2008. |
| 300 ## - PHYSICAL DESCRIPTION |
| Extent |
xvii, 289 p. ; |
| Dimensions |
24 cm. |
| 440 #4 - SERIES STATEMENT/ADDED ENTRY--TITLE |
| Title |
The Ethikon series in comparative ethics |
| 9 (RLIN) |
85927 |
| 504 ## - BIBLIOGRAPHY, ETC. NOTE |
| Bibliography, etc. note |
Includes bibliographical references and index. |
| 505 0# - FORMATTED CONTENTS NOTE |
| Formatted contents note |
Preface / John Coleman -- Christianity and civil society / Michael Banner -- A limited state and a vibrant society : Christianity and civil society / John Coleman -- Christianity, civil society, and the state : a Protestant response / Max L. Stackhouse -- Christian attitudes toward boundaries : metaphysical and geographical / Richard B. Miller -- The value of limited loyalty : Christianity, the nation, and territorial boundaries / Nigel Biggar -- Conscientious individualism : a Christian perspective on ethical pluralism / David Little -- Pluralism as a matter of principle / James W. Skillen -- Christianity and the prospects for a new global order / Max L. Stackhouse -- Globalization and Catholic social thought : mutual challenges / John Coleman -- The ethics of war and peace in the Catholic natural law tradition / John Finnis -- Just war thinking in Catholic natural law / Joseph Boyle -- Christian nonviolence : an interpretation / Theodore J. Koontz -- Conflicting interpretations of Christian pacifism / Michael G. Cartwright. |
| 650 #0 - SUBJECT ADDED ENTRY--TOPICAL TERM |
| Topical term or geographic name entry element |
Christianity and politics. |
| 9 (RLIN) |
85928 |
| 650 #0 - SUBJECT ADDED ENTRY--TOPICAL TERM |
| Topical term or geographic name entry element |
Christian ethics. |
| 9 (RLIN) |
85929 |
| 650 #0 - SUBJECT ADDED ENTRY--TOPICAL TERM |
| Topical term or geographic name entry element |
Political ethics. |
| 9 (RLIN) |
85930 |
| 700 1# - ADDED ENTRY--PERSONAL NAME |
| Personal name |
Coleman, John Aloysius, |
| Dates associated with a name |
1937- |
| 9 (RLIN) |
85931 |
| 776 08 - ADDITIONAL PHYSICAL FORM ENTRY |
| Relationship information |
Online version: |
| Title |
Christian political ethics. |
| Place, publisher, and date of publication |
Princeton, N.J. : Princeton University Press, c2008 |
| Record control number |
(OCoLC)607771760 |
| 776 08 - ADDITIONAL PHYSICAL FORM ENTRY |
| Relationship information |
Online version: |
| Title |
Christian political ethics. |
| Place, publisher, and date of publication |
Princeton, N.J. : Princeton University Press, c2008 |
| Record control number |
(OCoLC)608443001 |
| 856 41 - ELECTRONIC LOCATION AND ACCESS |
| Materials specified |
Table of contents only |
| Uniform Resource Identifier |
<a href="http://www.loc.gov/catdir/toc/ecip0714/2007012801.html">http://www.loc.gov/catdir/toc/ecip0714/2007012801.html</a> |
| 906 ## - LOCAL DATA ELEMENT F, LDF (RLIN) |
| a |
7 |
| b |
cbc |
| c |
orignew |
| d |
1 |
| e |
ecip |
| f |
20 |
| g |
y-gencatlg |
| 942 ## - ADDED ENTRY ELEMENTS (KOHA) |
| Source of classification or shelving scheme |
|
| Koha item type |
Book |